ՀՀ Գիտությունների ազգային ակադեմիայի հիմնարար գիտական գրադարան  =   Fundamental Scientific Library of NAS RA

Продуктивность и фотосинтетическая деятельность зерновых культур в Якутии / (Record no. 293606)

MARC details
000 -LEADER
fixed length control field 01267nam a2200253 u 4500
001 - CONTROL NUMBER
control field 000809802
003 - CONTROL NUMBER IDENTIFIER
control field AM-YeHGA
005 - DATE AND TIME OF LATEST TRANSACTION
control field 20250617144421.0
008 - FIXED-LENGTH DATA ELEMENTS--GENERAL INFORMATION
fixed length control field 110516s1983 ru r 000 0 rus d
040 ## - CATALOGING SOURCE
Original cataloging agency AM-YeHGA
041 0# - LANGUAGE CODE
Language code of text/sound track or separate title rus
090 ## - LOCALLY ASSIGNED LC-TYPE CALL NUMBER (OCLC); LOCAL CALL NUMBER (RLIN)
-- 295291
245 00 - TITLE STATEMENT
Title Продуктивность и фотосинтетическая деятельность зерновых культур в Якутии /
Statement of responsibility, etc. Д.В. Григорьева, Г.Н. Степанов, С.Р. Попов, И. К. Лазарев; АН СССР СО Якутский фил. Ин-т биологии.
260 ## - PUBLICATION, DISTRIBUTION, ETC.
Place of publication, distribution, etc. Якутск :
Name of publisher, distributor, etc. Якутский филиал СО АН СССР,
Date of publication, distribution, etc. 1983.
300 ## - PHYSICAL DESCRIPTION
Extent 148 с. :
Other physical details ил., табл.
504 ## - BIBLIOGRAPHY, ETC. NOTE
Bibliography, etc. note Библиолгр. : с. 136-147
653 0# - INDEX TERM--UNCONTROLLED
Uncontrolled term Зерновые культуры
700 1# - ADDED ENTRY--PERSONAL NAME
Personal name Григорьева, Декабрина Васильевна
700 1# - ADDED ENTRY--PERSONAL NAME
Personal name Степанов, Георгий Николаевич
700 1# - ADDED ENTRY--PERSONAL NAME
Personal name Попов, Семен Романович
700 1# - ADDED ENTRY--PERSONAL NAME
Personal name Лазарев, Иван Калинович
710 2# - ADDED ENTRY--CORPORATE NAME
Corporate name or jurisdiction name as entry element Академия наук СССР.
Subordinate unit Сибирское отделение.
-- Якутский филиал
710 2# - ADDED ENTRY--CORPORATE NAME
Corporate name or jurisdiction name as entry element Институт биологии СО АН СССР
Holdings
Withdrawn status Lost status Damaged status Not for loan Collection Home library Current library Date acquired Total checkouts Full call number Barcode Date last seen Price effective from Koha item type Public note
        General Fundamental Scientific Library Fundamental Scientific Library 29/12/2016   PII/521688 FL0192199 29/12/2016 29/12/2016 Գրքեր / Books 30 Days Loan


ՀՀ ԳԱԱ հիմնարար գիտական գրադարան
ՀՀ,Երևան 0019
Մարշալ Բաղրամյան 24/6
հեռախոս:(374-10) 52-47-50
Հետադարձ կապ

All site content, except where otherwise noted, is licensed under a
Creative Commons License